Les jaloux / (Record no. 154503)

MARC details
000 -LEADER
campo de control de longitud fija 01004nam a2200229 i 4500
001 - NÚMERO DE CONTROL
campo de control 154503
003 - IDENTIFICADOR DE NÚMERO DE CONTROL
campo de control ES-MaACL
005 - FECHA Y HORA DE LA ÚLTIMA TRANSACCIÓN
campo de control 20230906205746.0
008 - DATOS DE LONGITUD FIJA--INFORMACIÓN GENERAL
campo de control de longitud fija 040712q18611868fr a |||| | fre d
040 ## - FUENTE DE CATALOGACIÓN
Centro catalogador/agencia de origen CAM
Lengua de catalogación spa
Centro/agencia transcriptor CAM
100 1# - ENTRADA PRINCIPAL--NOMBRE DE PERSONA
Nombre de persona Gondrecourt, Aristide-Henri-Ange de.
9 (RLIN) 127383
245 14 - MENCIÓN DEL TÍTULO
Título Les jaloux /
Mención de responsabilidad, etc. par A. de Gondrecourt.
260 ## - PUBLICACIÓN, DISTRIBUCIÓN, ETC.
Lugar de publicación, distribución, etc. [S.l. :
Nombre del editor, distribuidor, etc. s.n.,
Fecha de publicación, distribución, etc. s.a.] (
Lugar de fabricación/manufactura Sceaux :
Fabricante (Typographie de E. Dépée)
300 ## - DESCRIPCIÓN FÍSICA
Extensión 48, 48, 47 p. :
Otras características físicas il. ;
Dimensiones 30 cm.
505 8# - NOTA DE CONTENIDO CON FORMATO
Nota de contenido con formato Contiene : Première partie : Le Général Chardin (48 p.) ; Seconde partie : Le Général Chardin (48 p.) ; Troisième partie : Mademoiselle Parmentier (47 p.)
594 ## - Nota al título y mención de responsabilidad
Nota al título y mención de responsabilidad Tít. y autor tomados del comienzo del texto.
596 ## - NOTA AL PIE DE IMPRENTA
NOTA AL PIE DE IMPRENTA El imp. ejerce ca. 1861-1868, según consta en CCPB.
596 ## - NOTA AL PIE DE IMPRENTA
NOTA AL PIE DE IMPRENTA Colofón en cada parte.
597 ## - NOTA DE DESCRIPCIÓN FÍSICA
NOTA DE DESCRIPCIÓN FÍSICA Texto a dos col.
599 ## - NOTA A LAS ILUSTRACIONES
NOTA A LAS ILUSTRACIONES Il. alegóricas intercaladas en el texto.
852 ## - LOCALIZACIÓN
Ubicación ES-MaACL
Número de control de estantería R-1706(2)
Nota libre -- Enc. hol., falto de la cub. original
-- -- Enc. en un vol. facticio
Holdings
Estatus retirado Estado de pérdida Estado de daño No para préstamo Biblioteca de origen Biblioteca actual Ubicación en estantería Fecha de adquisición Total de préstamos Signatura topográfica completa Código de barras Visto por última vez Precio de reemplazo Tipo de ítem Koha
        Biblioteca del Ateneo de Madrid Biblioteca del Ateneo de Madrid Depósito 17/01/2008   R1706(2) 1161582 23/02/2023 23/02/2023 Libro impreso